000 00662nam a22002177a 4500
003 UA-OsUOA
001 74659
007 ta
008 20110414b un ||||| |||| 00| 0 ukr d
100 _aКарпов С.
090 _a330
_bК26
942 _cSA
040 _aUA-OsUOA
_brus
_cUA-OsUOA
_dUA-OsUOA
245 _aТранснационализация в международной деятельности российских компаний
300 _aС.48-55
955 _a0
041 _arus
080 _a330
773 0 _w74655
_tМеждународная экономика
_dМ.
_d2011
_g2
650 7 _a330 Економіка взагалі
_2UDC
999 _c360952
_d360952